Merantau ke Deli

Main Author: Hamka, Prof. Dr.
Language: Interlingua
Subjects:
LEADER 00606cam a2200193 7i4500
001 0000090279
005 20251007090000.0
008 251007 ina
020 |a 9789833707706  
090 0 0 |a F   |b HAM 2010 
100 0 |a Hamka,   |c Prof. Dr.  
245 1 0 |a Merantau ke Deli   |c Prof. Dr. Hamka. 
264 |a Shah Alam, Selangor:   |b Pustaka Dini,   |c 2010. 
300 |a vii, 224 pages:   |b illustrations;   |c 18 cm. 
336 |a text  |2 rdacontent 
337 |a unmediated  |2 rdamedia 
338 |a volume  |2 rdacarrier 
650 0 0 |a Indonesian fiction  
999 |a 0000072140  |b BOK  |c OPEN SHELF  |e 2nd Floor, Shah Alam